000 00430nam a22001817a 4500
003 MPLRDC
005 20220104114207.0
008 210129b ||||| |||| 00| 0 eng d
020 _a7-80539-011-8
082 _a782.29 AN
100 _a艾宁 等编著
245 _a中国十歌妓外传
_c
250 _a一版一刷
260 _a
_b荆楚书社
_c1988
300 _b
650 _a中国传记
942 _cBK
_o782.29 AN
999 _c5561
_d5551